| 000 | 00665nam a2200217Ia 4500 | ||
|---|---|---|---|
| 008 | 191130s2000##################000#0#eng## | ||
| 020 | _a9780792377788 | ||
| 022 | _a99086380 | ||
| 040 |
_aACL _cACL |
||
| 082 | _a332.6 DUN | ||
| 245 |
_aAdvances in quantitative asset management _cedited by Christian L. Dunis |
||
| 260 |
_aBoston _bKluwer Academic Publishers _c2000 |
||
| 300 | _axi, 342 p. : ill. ; 24 cm | ||
| 500 | _aIncludes bibliographical references | ||
| 650 | _aCapital assets pricing model | ||
| 650 | _aPortfolio management | ||
| 700 | _aDunis, Christian | ||
| 990 | _a528eb0ecac10000c04d3637872cea9b0 | ||
| 991 | _a169376 | ||
| 999 |
_c363582 _d363582 |
||